Missing Word: Movies and Patterns II Quiz Stats

 Plays Quiz Updated Jun 30, 2018

Challenge
Share
Tweet
Embed
Score 0/16 Timer 03:00
0 Plays Today
Movie Title Missing Word % Correct
A League of Their _____Own
97.7%
I _____ What You Did Last SummerKnow
97.7%
Apocalypse _____Now
97.3%
Black Hawk _____Down
97%
_____ White and the HuntsmanSnow
95.8%
The Greatest ______ on EarthShow
93.6%
The Thomas _____ AffairCrown
91.4%
A Charlie _____ ChristmasBrown
91.2%
Movie Title Missing Word % Correct
_____ Green Was My ValleyHow
91%
A Tree _____ in BrooklynGrows
87.2%
Cannery _____Row
79.6%
Far from the Madding _____Crowd
78%
The _____ and the PussycatOwl
74%
Mr. Deeds Goes to _____Town
73.4%
Killer _____ from Outer SpaceKlowns
50.1%
The Dark _____Tower
39.7%

Today's Daily Dose

Missing Word
'F' Pairs

Word Ladder
Mixed Synonyms

On This Day
August 15th II

You're not logged in!

Compare scores with friends on all Sporcle quizzes.
Join for Free
OR
Log In

You Might Also Like...

Show Comments

Extras

Top Quizzes Today


Score Distribution

Your Account Isn't Verified!

In order to create a playlist on Sporcle, you need to verify the email address you used during registration. Go to your Sporcle Settings to finish the process.

Report this User

Report this user for behavior that violates our Community Guidelines.

Details: